000 00316nam a22001217a 4500
040 _cHS
082 _a303 MIC 1991 C086
100 _aMICHAEL M. CERNEA
245 _aPutting people first : sociological variables in rural development
260 _aNew York
_bMICHAEL M. CERNEA
_c1991
300 _a575p;
942 _cEK
999 _c11085
_d11085